000 00448nam a2200181Ia 4500
001 10623
005 20260306161846.0
008 260306t1990||||xx |||||||||||||| ||spa||
041 _aESP
082 _a944.25
_bV969
100 _aVovelle,Michel
_eAUT
245 0 _aIntroducción a la historia de la revolución francesa
260 _c1990
300 _a215 páginas :
_c19 cm.
650 _aGEN
654 _aCHU
942 _cLIB
_dJUS
_fJUS
_2ddc
_n
999 _c10623
_d10623